000 00603 a2200217 4500
001 57990
005 20260407155839.0
008 260407a1971 arg spa d
003 AR-UNSa-BCEJYS
040 _aAR-UNSa-BCEJYS
_bspa
_cAR-UNSa-BCEJYS
080 _a343(094.4)
_xCódigo Penal
245 1 0 _aCódigo Penal de la República Argentina
250 _a2a. ed.
264 1 _aBuenos Aires :
_bAbeledo Perrot
_c1971
300 _a303 p.
_c23 cm.
041 _aspa
942 _cBK
590 _aniveau_biblio:m niveau_hierar:0
100 1 _aArgentina (Código Penal)
700 1 _aChichoza, Mario I.
999 _c6368
_d6368